| 000 | 01052nam a22003257a 4500 | ||
|---|---|---|---|
| 001 | 0024282 | ||
| 003 | KOHA_MİRAKIL | ||
| 005 | 20260207002435.0 | ||
| 007 | ta | ||
| 008 | 101112b2008 tu |||gr||||#||||0|tur | | ||
| 020 |
_a9786053950844 _c10,64 |
||
| 040 |
_aTR-BiSEU _btur _cTR-BiSEU _erda |
||
| 041 | 0 | _atur | |
| 044 | _ctu | ||
| 050 |
_aHF5386 _b.F37 2008 |
||
| 245 | 0 |
_aFarklılaşma çağında kurumsal başarıyı yakalamak/ _ceditör Nilay Başok Yurdakul ; yazarlar: Z. Beril Akıncı Vural...[ve bşkl.]. |
|
| 264 | 1 |
_aAnkara : _bNobel _c2008 |
|
| 300 | _a368 sayfa; 24 cm. | ||
| 336 |
_ametin _btxt _2rdacontent |
||
| 337 |
_aaracısız _bn _2rdamedia |
||
| 338 |
_acilt _bnc _2rdacarrier |
||
| 490 | 1 |
_aNobel ; _vyayın no: 1288. |
|
| 490 | 1 |
_aİletişim ve Halkla İlişkiler ; _v42. |
|
| 500 | _aKaynakça var. | ||
| 650 | 0 |
_aSuccess in business. _93920 |
|
| 650 | 0 |
_aBaşarı, işletmelerde. _922730 |
|
| 830 | 1 |
_aNobel ; _vyayın no: 1288. _91846 |
|
| 830 | 1 |
_aİletişim ve Halkla İlişkiler ; _v42. _949615 |
|
| 942 |
_2lcc _cBK |
||
| 999 |
_c24234 _d24234 |
||